[Event "Bad Zwesten op 8th"]
[Site "Bad Zwesten"]
[Date "2004.01.04"]
[Round "4"]
[White "Seifert, Christopher"]
[Black "Link, Michael"]
[Result "1-0"]
[WhiteElo "1487"]
[BlackElo "1910"]
[PlyCount "171"]
[EventDate "2004.01.??"]
[EventType "swiss"]
[EventRounds "9"]
[EventCountry "GER"]
[SourceTitle "CBM 098 Extra"]
[Source "ChessBase"]
[SourceDate "2004.03.10"]
[SourceVersion "2"]
[SourceVersionDate "2004.03.10"]
[SourceQuality "1"]

1. e4 e5 2. Nf3 Nf6 3. d4 Nxe4 4. dxe5 Nc6 5. Bc4 Nc5 6. 0-0 Be7 7. Nc3 Ne6 8. Be3 0-0 9. Qe2 Bc5 10. Bxe6 Bxe3 11. Bxf7+ Rxf7 12. Qxe3 b6 13. Rad1 Bb7 14. e6 Re7 15. Rxd7 Rxd7 16. exd7 Qxd7 17. Rd1 Qg4 18. h3 Qg6 19. Qd3 Ne5 20. Qxg6 Nxg6 21. Nd5 c5 22. Nh2 Kf7 23. Ng4 Rd8 24. Nge3 Ne7 25. Nxe7 Rxd1+ 26. Nxd1 Kxe7 27. f4 Ke6 28. Ne3 g6 29. Kf2 b5 30. g3 a5 31. Ng4 Be4 32. Ne3 Bb7 33. Ke2 Be4 34. c3 Bb1 35. a3 Be4 36. Kd2 Kd6 37. Ng4 Bf5 38. Nf2 Kd5 39. g4 Bc8 40. Kd3 h5 41. Ne4 hxg4 42. hxg4 Kc6 43. Nf6 Kd6 44. Ke4 Ke6 45. Ne8 Bd7 46. f5+ Ke7 47. Nc7 gxf5+ 48. gxf5 Kd6 49. Ne6 Bc6+ 50. Kf4 Bd5 51. Ng5 b4 52. Ne4+ Kc6 53. Ke5 Bg8 54. a4 Bh7 55. f6 Bg6 56. Nd6 bxc3 57. bxc3 Kd7 58. Kd5 Bc2 59. Nc4 Ke8 60. Nb2 Kf7 61. Kxc5 Kxf6 62. Kb5 Ke6 63. Kxa5 Kd6 64. Kb5 Kc7 65. c4 Bf5 66. Nd1 Bd7+ 67. Kb4 Kb6 68. a5+ Ka6 69. Nc3 Bf5 70. Nd5 Bd3 71. Nc7+ Kb7 72. Ne6 Bf1 73. Nc5+ Kc6 74. Nb3 Kb7 75. Kb5 Ka7 76. Nd4 Bd3 77. Nc6+ Kb7 78. Nb4 Be2 79. a6+ Ka7 80. Kc5 Kb8 81. Kd5 Bf3+ 82. Kd6 Be2 83. c5 Kc8 84. c6 Bf3 85. a7 Bxc6 86. Kxc6 1-0

[Event "Bad Zwesten op 8th"]
[Site "Bad Zwesten"]
[Date "2004.01.02"]
[Round "1"]
[White "Link, Michael"]
[Black "Kersten, Uwe"]
[Result "0-1"]
[WhiteElo "1910"]
[BlackElo "2336"]
[PlyCount "78"]
[EventDate "2004.01.??"]
[EventType "swiss"]
[EventRounds "9"]
[EventCountry "GER"]
[SourceTitle "CBM 098 Extra"]
[Source "ChessBase"]
[SourceDate "2004.03.10"]
[SourceVersion "2"]
[SourceVersionDate "2004.03.10"]
[SourceQuality "1"]

1. d4 Nf6 2. Nc3 d6 3. e4 Nbd7 4. f4 e5 5. Nf3 exd4 6. Nxd4 Nc5 7. Bb5+ c6 8. Nxc6 bxc6 9. Bxc6+ Bd7 10. Bxa8 Qxa8 11. Nd5 Qd8 12. Nxf6+ Qxf6 13. 0-0 Bc6 14. e5 dxe5 15. fxe5 Qg6 16. Qe2 Be7 17. Be3 0-0 18. b4 Ne4 19. a3 Nc3 20. Qf2 Bh4 21. g3 Qe4 22. Qf3 Qc4 23. Qh5 Bd8 24. Rfe1 Qe4 25. Qh3 Qh1+ 26. Kf2 Qf3+ 27. Kg1 Ne2+ 28. Rxe2 Qxe2 29. Bc5 Bb6 30. Bxb6 axb6 31. Qf1 Qe3+ 32. Qf2 Qe4 33. Kf1 Qxe5 34. Re1 Qd5 35. Re3 Rd8 36. Re1 Rd6 37. b5 Bxb5+ 38. Kg1 Bc6 39. Qe2 Re6 0-1

[Event "Dortmund op-A"]
[Site "Dortmund"]
[Date "2003.08.09"]
[Round "8"]
[White "Schroeder, Juergen"]
[Black "Link, Michael"]
[Result "1/2-1/2"]
[WhiteElo "1992"]
[BlackElo "1931"]
[PlyCount "141"]
[EventDate "2003.08.01"]
[EventType "swiss"]
[EventRounds "9"]
[EventCountry "GER"]
[SourceTitle "CBM 095 Extra"]
[Source "ChessBase"]
[SourceDate "2003.09.04"]
[SourceVersion "1"]
[SourceVersionDate "2003.09.04"]
[SourceQuality "1"]

1. e4 e5 2. Bc4 Nf6 3. d3 c6 4. Nf3 d5 5. Bb3 Bg4 6. h3 Bxf3 7. Qxf3 Nbd7 8. 0-0 Nc5 9. exd5 Nxb3 10. axb3 Qxd5 11. Qxd5 Nxd5 12. Re1 f6 13. d4 Nb4 14. Na3 0-0-0 15. dxe5 fxe5 16. Bg5 Re8 17. Rad1 Bc5 18. c3 Nd5 19. Nc4 Rhf8 20. Rd2 Kc7 21. Rxe5 b5 22. Rxe8 Rxe8 23. Ne3 Nxe3 24. Re2 a5 25. Bxe3 a4 26. Bf4+ Kd7 27. Rxe8 Kxe8 28. bxa4 bxa4 29. Be3 a3 30. bxa3 Bxa3 31. Kf1 Kd7 32. Ke2 Ke6 33. Kd3 Kd5 34. c4+ Ke6 35. Ke4 g6 36. Bd4 h5 37. Kf4 Be7 38. Bg7 Bd8 39. Be5 Be7 40. Bc7 Bf6 41. Ke4 Be7 42. f3 Bf6 43. g4 hxg4 44. hxg4 Be7 45. Be5 Bb4 46. f4 Be1 47. Kd4 Bf2+ 48. Kc3 Be1+ 49. Kd4 Bf2+ 50. Ke4 Be1 51. Bb8 Bc3 52. Kd3 Be1 53. Ke4 Bc3 54. Ba7 Be1 55. Be3 Bc3 56. Kd3 Bf6 57. Kc2 Bd8 58. Kb3 Ba5 59. Ka4 Be1 60. Bb6 Bd2 61. Bc7 Be1 62. Ba5 Bf2 63. Bd2 Bb6 64. Kb4 Kf6 65. Bc3+ Ke6 66. Be5 Kd7 67. Ka4 Ke6 68. Kb4 Kd7 69. Kc3 Ke6 70. Kd3 Ba5 71. Ke4 1/2-1/2

[Event "Dortmund op-A"]
[Site "Dortmund"]
[Date "2003.08.04"]
[Round "4"]
[White "Ritter, Uwe"]
[Black "Link, Michael"]
[Result "1-0"]
[WhiteElo "2104"]
[BlackElo "1931"]
[PlyCount "93"]
[EventDate "2003.08.01"]
[EventType "swiss"]
[EventRounds "9"]
[EventCountry "GER"]
[SourceTitle "CBM 095 Extra"]
[Source "ChessBase"]
[SourceDate "2003.09.04"]
[SourceVersion "1"]
[SourceVersionDate "2003.09.04"]
[SourceQuality "1"]

1. e4 e5 2. Nf3 Nf6 3. Nc3 Bb4 4. Nxe5 0-0 5. Be2 Qe7 6. Nd3 Bxc3 7. dxc3 Nxe4 8. 0-0 d6 9. Nf4 Nf6 10. c4 c6 11. b3 Nbd7 12. Ba3 Nc5 13. Bf3 Rd8 14. Re1 Qc7 15. Qd2 Ne6 16. Bb2 Nxf4 17. Qxf4 Ne8 18. Qd4 Be6 19. Qh4 Qe7 20. Rad1 f6 21. Rd3 Qf7 22. Bh5 g6 23. Rde3 Ng7 24. Bxg6 hxg6 25. Rxe6 Nxe6 26. Bxf6 Qh7 27. Bxd8 Rxd8 28. Qxh7+ Kxh7 29. Rxe6 Rd7 30. f4 Kg7 31. Kf2 Kf7 32. Re2 Kf6 33. g4 d5 34. cxd5 Rxd5 35. h4 a5 36. a4 b5 37. Kf3 Rd1 38. g5+ Kf7 39. h5 gxh5 40. f5 bxa4 41. bxa4 Rg1 42. g6+ Kf6 43. Rg2 Rf1+ 44. Ke2 Rxf5 45. g7 Re5+ 46. Kf1 Rf5+ 47. Kg1 1-0

[Event "Staufer op 11th"]
[Site "Schwaebisch Gmuend"]
[Date "1999.??.??"]
[Round "5"]
[White "Link, Michael"]
[Black "Daum, Dieter"]
[Result "1-0"]
[WhiteElo "2270"]
[BlackElo "2068"]
[PlyCount "87"]
[EventDate "1999.01.02"]
[EventType "swiss"]
[EventRounds "9"]
[EventCountry "GER"]
[SourceTitle "CBM 068 Extra"]
[Source "ChessBase"]
[SourceDate "1999.03.01"]
[SourceVersion "1"]
[SourceVersionDate "1999.03.01"]
[SourceQuality "1"]

1. Nf3 Nf6 2. b3 g6 3. Bb2 Bg7 4. c4 c5 5. g3 0-0 6. Bg2 Nc6 7. 0-0 d6 8. d3 Qd7 9. Nbd2 b6 10. a3 Bb7 11. Qc2 Rfd8 12. Bc3 d5 13. cxd5 Nxd5 14. Bxg7 Kxg7 15. Qb2+ Kg8 16. Nc4 f6 17. Rfd1 e5 18. e3 Qe7 19. Rac1 Nc7 20. Ne1 Ne6 21. b4 Rac8 22. bxc5 bxc5 23. Qb5 Ba8 24. Rb1 Kg7 25. Qa4 Qc7 26. h4 h5 27. Bh3 f5 28. Qc2 Rb8 29. Qc3 Kf7 30. Bg2 Ned4 31. exd4 Nxd4 32. Qd2 Bxg2 33. Kxg2 Kg7 34. Qe3 Rxb1 35. Rxb1 Re8 36. f3 Re7 37. Kf2 f4 38. Qe4 fxg3+ 39. Kg2 Ne6 40. Kxg3 Nf4 41. Ng2 Qd7 42. Nxf4 exf4+ 43. Qxf4 Qxd3 44. Rb8 1-0

[Event "Goch op 06th"]
[Site "Goch"]
[Date "1995.??.??"]
[Round "2"]
[White "Gross, Karl"]
[Black "Link, Michael"]
[Result "1/2-1/2"]
[WhiteElo "2010"]
[BlackElo "2285"]
[PlyCount "52"]
[EventDate "1995.10.??"]
[EventType "swiss"]
[EventRounds "7"]
[EventCountry "GER"]
[SourceTitle "EXT 1999"]
[Source "ChessBase"]
[SourceDate "1998.11.16"]
[SourceVersion "1"]
[SourceVersionDate "1998.11.16"]
[SourceQuality "1"]

1. e4 c5 2. b4 cxb4 3. Bb2 Nc6 4. d4 d5 5. Nd2 Nf6 6. e5 Nd7 7. Bd3 Nb6 8. c4 bxc3 9. Bxc3 e6 10. Nh3 Bd7 11. 0-0 Rc8 12. Rc1 Ba3 13. Qg4 g6 14. Rc2 Nb4 15. Bxb4 Rxc2 16. Bxc2 Bxb4 17. Nf3 Nc4 18. Qf4 Qe7 19. Qh6 Qf8 20. Qf4 Bc6 21. Bb3 Nb6 22. Rc1 Qg7 23. Qg3 0-0 24. Nf4 Bb5 25. Rc7 Qh6 26. Rxb7 Rc8 1/2-1/2

[Event "Goch op 06th"]
[Site "Goch"]
[Date "1995.??.??"]
[Round "7"]
[White "Link, Michael"]
[Black "Phillips, Gordon"]
[Result "1-0"]
[WhiteElo "2285"]
[BlackElo "1810"]
[PlyCount "27"]
[EventDate "1995.10.??"]
[EventType "swiss"]
[EventRounds "7"]
[EventCountry "GER"]
[SourceTitle "EXT 1999"]
[Source "ChessBase"]
[SourceDate "1998.11.16"]
[SourceVersion "1"]
[SourceVersionDate "1998.11.16"]
[SourceQuality "1"]

1. Nf3 Nf6 2. g3 g6 3. Bg2 Bg7 4. 0-0 0-0 5. c4 d6 6. Nc3 c5 7. d4 cxd4 8. Nxd4 a6 9. Qd2 Qc7 10. b3 Nc6 11. Bb2 Rb8 12. Rac1 Nxd4 13. Qxd4 Nd7 14. Qxg7+ 1-0

[Event "Geneve op"]
[Site "Geneve"]
[Date "1994.??.??"]
[Round "6"]
[White "Astengo, Corrado"]
[Black "Link, Michael"]
[Result "0-1"]
[WhiteElo "2165"]
[BlackElo "2290"]
[PlyCount "84"]
[EventDate "1994.01.??"]
[EventType "swiss"]
[EventRounds "9"]
[EventCountry "SUI"]
[SourceTitle "TD"]
[Source "ChessBase"]
[SourceDate "1994.03.01"]
[SourceVersion "1"]
[SourceVersionDate "1994.03.01"]
[SourceQuality "1"]

1. e4 c5 2. Nf3 e6 3. d4 cxd4 4. Nxd4 a6 5. Nc3 Qc7 6. Bd3 Nf6 7. Bg5 Be7 8. f4 d6 9. Qe2 h6 10. Bxf6 Bxf6 11. Qf2 Qb6 12. Nce2 Qxb2 13. 0-0 0-0 14. a4 Qb6 15. c3 Nc6 16. Rfb1 Qc5 17. Nxc6 Qxc6 18. Qe3 Rd8 19. Kh1 Qc5 20. Qxc5 dxc5 21. Bc4 Ra7 22. e5 Bh4 23. Rd1 Bd7 24. f5 exf5 25. Rxd7 Rxd7 26. e6 fxe6 27. Bxe6+ Rf7 28. Nf4 Bf6 29. Nd5 Kf8 30. Bxf7 Kxf7 31. Rb1 b5 32. axb5 axb5 33. g4 fxg4 34. Rxb5 c4 35. Rc5 Ra1+ 36. Kg2 Be5 37. Rxc4 Ra2+ 38. Kg1 Bxh2+ 39. Kh1 h5 40. Ne3 Be5 41. Rc5 Kf6 42. Nc4 Re2 0-1

[Event "Goch op 05th"]
[Site "Goch"]
[Date "1994.??.??"]
[Round "6"]
[White "De Ruyter, Luuk"]
[Black "Link, Michael"]
[Result "0-1"]
[WhiteElo "2210"]
[BlackElo "2280"]
[PlyCount "100"]
[EventDate "1994.10.??"]
[EventType "swiss"]
[EventRounds "7"]
[EventCountry "GER"]
[SourceTitle "EXT 1998"]
[Source "ChessBase"]
[SourceDate "1997.11.17"]
[SourceVersion "1"]
[SourceVersionDate "1997.11.17"]
[SourceQuality "1"]

1. d4 Nf6 2. c4 c5 3. d5 e5 4. Nc3 d6 5. e4 Be7 6. Nf3 0-0 7. Be2 Ne8 8. h3 Nd7 9. a3 b6 10. g4 Ndf6 11. Rg1 Kh8 12. g5 Ng8 13. h4 Bd7 14. Nh2 a6 15. Bg4 b5 16. Bxd7 Qxd7 17. Ng4 g6 18. Ne3 Ng7 19. Qg4 Qb7 20. Qe2 Rfb8 21. Nf1 Nh5 22. Ng3 Nf4 23. Bxf4 exf4 24. Nf1 b4 25. Nd1 Bf8 26. a4 f5 27. Nd2 fxe4 28. Nxe4 f3 29. Qxf3 Bg7 30. Kf1 Rf8 31. Qd3 Be5 32. h5 Qg7 33. hxg6 Qxg6 34. Rh1 Ne7 35. Rb1 Rf4 36. f3 Raf8 37. Nef2 Qxd3+ 38. Nxd3 Rxf3+ 39. Ke2 Bd4 40. Rh4 Ng6 41. Re4 Rg3 42. Ne3 Bxe3 43. Rxe3 Rg2+ 44. Kd1 Rf1+ 45. Ne1 Ne5 46. b3 Kg7 47. Rc1 Kg6 48. Rc2 Rgg1 49. Rxe5 dxe5 50. Re2 Rxe1+ 0-1

[Event "Goch op 05th"]
[Site "Goch"]
[Date "1994.??.??"]
[Round "2"]
[White "Ebeling, Jens"]
[Black "Link, Michael"]
[Result "1/2-1/2"]
[WhiteElo "1925"]
[BlackElo "2280"]
[PlyCount "105"]
[EventDate "1994.10.??"]
[EventType "swiss"]
[EventRounds "7"]
[EventCountry "GER"]
[SourceTitle "EXT 1998"]
[Source "ChessBase"]
[SourceDate "1997.11.17"]
[SourceVersion "1"]
[SourceVersionDate "1997.11.17"]
[SourceQuality "1"]

1. e4 c5 2. Nf3 e6 3. d4 cxd4 4. Nxd4 a6 5. Nc3 Qc7 6. Be2 Nf6 7. 0-0 Be7 8. f4 d6 9. a4 Nc6 10. Kh1 0-0 11. Be3 Re8 12. Qe1 Bd7 13. Nb3 Nb4 14. Bd3 Rab8 15. a5 Bc6 16. Bb6 Qc8 17. Nd4 Nd7 18. Ba7 Ra8 19. Nxc6 bxc6 20. Bg1 Rb8 21. Qd2 c5 22. Bc4 Rd8 23. Qe2 Qc6 24. Rf3 Re8 25. f5 d5 26. fxe6 fxe6 27. exd5 exd5 28. Nxd5 Nxd5 29. Qd3 N7f6 30. Rxf6 Qxf6 31. Qxd5+ Kh8 32. Rf1 Qd6 33. Qxd6 Bxd6 34. b3 Rf8 35. Rd1 Rf6 36. Bxa6 Ra8 37. Bc4 Rxa5 38. Re1 Rf8 39. Bd3 Bf4 40. g3 Bd2 41. Re4 Bb4 42. Kg2 Raa8 43. Rc4 Rac8 44. Rh4 h6 45. Bf2 Rce8 46. Rc4 Re5 47. Bg1 Kg8 48. Bf2 Rd8 49. Bg1 Kf7 50. Rf4+ Ke7 51. Bf2 g5 52. Rc4 Rb8 53. g4 1/2-1/2

[Event "Goch op 05th"]
[Site "Goch"]
[Date "1994.??.??"]
[Round "5"]
[White "Link, Michael"]
[Black "Barsov, Alexei"]
[Result "0-1"]
[WhiteElo "2280"]
[BlackElo "2425"]
[PlyCount "80"]
[EventDate "1994.10.??"]
[EventType "swiss"]
[EventRounds "7"]
[EventCountry "GER"]
[SourceTitle "EXT 1998"]
[Source "ChessBase"]
[SourceDate "1997.11.17"]
[SourceVersion "1"]
[SourceVersionDate "1997.11.17"]
[SourceQuality "1"]

1. e4 e6 2. d4 d5 3. Nc3 Nf6 4. e5 Nfd7 5. f4 c5 6. Nf3 Nc6 7. Be3 a6 8. Qd2 cxd4 9. Nxd4 Bc5 10. 0-0-0 Nxd4 11. Bxd4 0-0 12. Kb1 b5 13. h4 b4 14. Na4 Bxd4 15. Qxd4 Qa5 16. b3 Bb7 17. Rh3 Bc6 18. c3 Rab8 19. Nb2 Rfc8 20. Rc1 Bb5 21. Bxb5 Rxb5 22. c4 Rbc5 23. Rhh1 Nb6 24. Nd3 R5c7 25. c5 Nd7 26. Qxb4 Qxb4 27. Nxb4 Nxc5 28. Rhd1 h5 29. Nd3 Ne4 30. Rxc7 Rxc7 31. Rc1 Nc3+ 32. Kb2 d4 33. Ne1 Rd7 34. Nd3 a5 35. a3 Kh7 36. b4 axb4 37. axb4 Kg6 38. Kb3 Kf5 39. Kc4 Rc7+ 40. Kb3 Ke4 0-1

[Event "Reykjavik op"]
[Site "Reykjavik"]
[Date "1994.??.??"]
[Round "4"]
[White "Link, Michael"]
[Black "Bjornsson, Bjorn Freyr"]
[Result "1/2-1/2"]
[WhiteElo "2290"]
[BlackElo "2200"]
[PlyCount "107"]
[EventDate "1994.02.??"]
[EventType "swiss"]
[EventRounds "9"]
[EventCountry "ISL"]
[SourceTitle "CBM 039 Extra"]
[Source "ChessBase"]
[SourceDate "1994.05.01"]
[SourceVersion "1"]
[SourceVersionDate "1994.05.01"]
[SourceQuality "1"]

1. e4 e5 2. Nf3 Nc6 3. Bb5 Nf6 4. 0-0 Nxe4 5. d4 Nd6 6. Bxc6 dxc6 7. dxe5 Nf5 8. Qxd8+ Kxd8 9. Nbd2 Ke8 10. Re1 h6 11. Nb3 Be6 12. Nbd4 Nxd4 13. Nxd4 Bc5 14. Nxe6 fxe6 15. Be3 Bxe3 16. Rxe3 Rd8 17. Kf1 Rd2 18. Re2 Rd5 19. Ke1 Rf8 20. Re4 Rf5 21. f4 g5 22. c4 Rxf4 23. Rxf4 Rxe5+ 24. Kd2 gxf4 25. Rf1 Re4 26. b3 e5 27. g3 c5 28. gxf4 exf4 29. Rf3 Kf7 30. Kd3 Rd4+ 31. Ke2 Kg6 32. Rf1 Kf5 33. Rg1 Ke4 34. Rg7 f3+ 35. Ke1 Ke3 36. Re7+ Re4 37. Rxc7 Kd4+ 38. Kf2 Re2+ 39. Kxf3 Rxh2 40. Rxb7 Rxa2 41. b4 cxb4 42. Rxb4 a5 43. Rb6 a4 44. Rxh6 a3 45. Ra6 Ra1 46. Ra4 Kc3 47. c5 Kb3 48. Ra6 Rc1 49. c6 Rc4 50. Ke3 a2 51. Rb6+ Kc2 52. Ra6 Kb2 53. Rb6+ Kc2 54. Ra6 1/2-1/2

[Event "Reykjavik op"]
[Site "Reykjavik"]
[Date "1994.??.??"]
[Round "9"]
[White "Link, Michael"]
[Black "Ibragimov, Ildar"]
[Result "0-1"]
[WhiteElo "2290"]
[BlackElo "2525"]
[PlyCount "96"]
[EventDate "1994.02.??"]
[EventType "swiss"]
[EventRounds "9"]
[EventCountry "ISL"]
[SourceTitle "CBM 039 Extra"]
[Source "ChessBase"]
[SourceDate "1994.05.01"]
[SourceVersion "1"]
[SourceVersionDate "1994.05.01"]
[SourceQuality "1"]

1. e4 Nc6 2. Nf3 d6 3. d4 Nf6 4. Nc3 Bg4 5. Be2 e6 6. 0-0 Be7 7. Re1 0-0 8. Be3 Re8 9. a3 d5 10. exd5 exd5 11. h3 Bf5 12. Ne5 Bd6 13. Nxc6 bxc6 14. Bg5 h6 15. Be3 Qd7 16. Qd2 Rab8 17. Rab1 Re7 18. Bd3 Bxh3 19. Bxh6 Qg4 20. Bf1 gxh6 21. Qxh6 Nh5 22. Rxe7 Bxe7 23. Kh1 Bg5 24. Qxc6 Bxg2+ 25. Bxg2 Nf4 26. Bxd5 Kg7 27. Bg2 Nh3 28. Qf3 Rh8 29. Qxg4 Nxf2+ 30. Kg1 Nxg4 31. Bf3 Ne3 32. Ne4 Bf4 33. c3 Rh3 34. Bg2 Rh2 35. Bf3 f5 36. Nc5 Bg3 37. Nd3 Rd2 38. Ne5 Kf6 39. b3 Bxe5 40. dxe5+ Kxe5 41. Re1 Kf4 42. Bh5 Rg2+ 43. Kh1 Rg7 44. Be8 Re7 45. Bc6 Kg3 46. Kg1 f4 47. Re2 Re6 48. Bh1 Rd6 0-1

[Event "Goch op 05th"]
[Site "Goch"]
[Date "1994.??.??"]
[Round "1"]
[White "Link, Michael"]
[Black "Komhard, Oliver"]
[Result "1-0"]
[WhiteElo "2280"]
[BlackElo "1755"]
[PlyCount "49"]
[EventDate "1994.10.??"]
[EventType "swiss"]
[EventRounds "7"]
[EventCountry "GER"]
[SourceTitle "EXT 1998"]
[Source "ChessBase"]
[SourceDate "1997.11.17"]
[SourceVersion "1"]
[SourceVersionDate "1997.11.17"]
[SourceQuality "1"]

1. e4 d6 2. d4 g6 3. Nc3 Bg7 4. Nf3 Nf6 5. Be2 0-0 6. 0-0 e5 7. Be3 Nc6 8. Qd2 Ng4 9. Bg5 f6 10. Bh4 exd4 11. Nxd4 Nxd4 12. Qxd4 g5 13. Bg3 Kh8 14. Qd2 f5 15. Bxg4 fxg4 16. Rad1 h5 17. f4 h4 18. Be1 gxf4 19. Rxf4 Be6 20. Rxf8+ Bxf8 21. Qf2 Be7 22. Nd5 h3 23. Bc3+ Kh7 24. Qd4 Bf8 25. Qh8+ 1-0

[Event "Cannes op"]
[Site "Cannes"]
[Date "1994.??.??"]
[Round "9"]
[White "Link, Michael"]
[Black "Mauro, Alan"]
[Result "1-0"]
[WhiteElo "2290"]
[BlackElo "2260"]
[PlyCount "53"]
[EventDate "1994.02.??"]
[EventType "swiss"]
[EventRounds "9"]
[EventCountry "FRA"]
[SourceTitle "EXT 2003"]
[Source "ChessBase"]
[SourceDate "2002.11.25"]
[SourceVersion "1"]
[SourceVersionDate "2002.11.25"]
[SourceQuality "1"]

1. e4 c5 2. d3 g6 3. g3 Bg7 4. Bg2 e6 5. f4 Ne7 6. Nf3 0-0 7. 0-0 Nbc6 8. c3 d5 9. e5 Rb8 10. Be3 d4 11. Bf2 b6 12. c4 a6 13. g4 Qc7 14. Bg3 b5 15. b3 bxc4 16. bxc4 Bd7 17. Nbd2 Na5 18. Ne4 Rb2 19. Qc1 Rfb8 20. Nf6+ Kh8 21. Ng5 Rxg2+ 22. Kxg2 Bc6+ 23. Kg1 Ng8 24. Rb1 Rxb1 25. Qxb1 Bxf6 26. exf6 Ba8 27. Qb8 1-0

[Event "Staufer op 06th"]
[Site "Schwaebisch Gmuend"]
[Date "1994.??.??"]
[Round "7"]
[White "Sand, Rolf"]
[Black "Link, Michael"]
[Result "0-1"]
[WhiteElo "2125"]
[BlackElo "2290"]
[PlyCount "62"]
[EventDate "1994.01.??"]
[EventType "swiss"]
[EventRounds "9"]
[EventCountry "GER"]
[SourceTitle "EXT 1997"]
[Source "ChessBase"]
[SourceDate "1996.11.15"]
[SourceVersion "1"]
[SourceVersionDate "1996.11.15"]
[SourceQuality "1"]

1. d4 Nf6 2. c4 g6 3. Nc3 Bg7 4. e4 d6 5. f3 0-0 6. Be3 a6 7. Qd2 Nc6 8. Nge2 Rb8 9. h4 b5 10. h5 e5 11. d5 Na5 12. Ng3 bxc4 13. 0-0-0 Rb4 14. Bh6 Bxh6 15. Qxh6 Qe7 16. Be2 Bd7 17. Rdf1 Kh8 18. Qg5 Nxd5 19. Qh6 Nxc3 20. bxc3 Rbb8 21. hxg6 fxg6 22. Qxg6 Rf7 23. Qh6 d5 24. Kd2 Rb2+ 25. Ke1 Rb1+ 26. Bd1 Ba4 27. Ke2 Qa3 28. Kf2 Qc5+ 29. Qe3 d4 30. Qd2 d3+ 31. Qe3 Rb2+ 0-1